000 01875nam a2200253Ia 4500
003 Ost
005 20260416102353.0
008 260416s9999||||xx |||||||||||||| ||und||
040 _cfsecg
041 _aara
082 _a339
100 _aعبد المومن، محمد
_eمؤلف
245 0 _aمحاضرات في التحليل الإقتصادي الكلي مدعمة بنماذج امتحانات :
_bأسئلة و حلول /
_c محمد عبد المومن
260 _aالجزائر
_bجامعة الجزائر3: كلية العلوم الإقتصادية، العلوم التجارية وعلوم التسيير
_c2017
300 _a260 ورقة
_bايضاحات
_c30 سم
504 _aمراجع ص.253
520 _aالتعريف بالنظرية الاقتصادية الكلية، التيار الدائري للدخل والأشخاص الاقتصادية، منهجية التحليل الاقتصادي وكيفية بناء النماذج الاقتصادية الكلية، تطور التحليل الاقتصادي والمدارس الاقتصادية، قياس النشاط الاقتصادي، التوازن الاقتصادي الكلي وفق النموذج الكلاسيكي، التوازن الاقتصادي وفق المنظور الكينزي، التوازن الاقتصادي الكينزي ونظرية المضاعف، دالة الاستثمار والكفاية الحدية لرأس المال، نموذج IS-LM وكيفية تحديد مستوى توازن الدخل والناتج.
653 _aالاستثمار
653 _aالاقتصاد التحليلي
653 _aالاقتصاد الكلي
653 _aالدخل
710 _aجامعة الجزائر3: كلية العلوم الإقتصادية، العلوم التجارية وعلوم التسيير
_eناشر علمي
942 _cHANDOUT
999 _c41085
_d41085